[Event "Evora"]
[Site "?"]
[Date "2006.07.22"]
[Round "1"]
[White "Nataf Igor Alexandre"]
[Black "Riazantsev Alexander"]
[Result "0-1"]
[WhiteElo "2592"]
[BlackElo "2622"]
[PlyCount "78"]
[EventDate "2006.??.??"]
[Source "www.chesslib.no"]
[SourceDate "2004.05.04"]

1. e4 e6 2. d4 d5 3. Nc3 Nf6 4. Bg5 Be7 5. e5 Nfd7 6. h4 c5 7. Bxe7 Kxe7 8. Qg4 Nc6 9. dxc5 Ndxe5 10. Qxg7 Rg8 11. Qxh7 Bd7 12. O-O-O Qa5 13. Qh6 d4 14. Nge2 dxc3 15. Nxc3 Rad8 16. Ne4 Ng4 17. Qd2 Qxa2 18. Qd6+ Ke8 19. Bd3 Bc8 20. Qc7 Qa1+ 21. Kd2 Qa5+ 22. Qxa5 Nxa5 23. Ra1 Nc4+ 24. Ke2 f5 25. Bxc4 fxe4 26. Rxa7 Rf8 27. f3 exf3+ 28. gxf3 Ne5 29. Bb5+ Bd7 30. Rxb7 Bxb5+ 31. Rxb5 Nxf3 32. c3 Ne5 33. h5 Rg8 34. h6 Rg2+ 35. Ke3 Rdd2 36. c6 Nc4+ 37. Kf3 Rdf2+ 38. Ke4 Rg4+ 39. Kd3 Rd2# 0-1

[Event "Reykjavik"]
[Site "?"]
[Date "1991.??.??"]
[Round "?"]
[White "Khalifman, A."]
[Black "Gulko, B."]
[Result "1/2-1/2"]
[WhiteElo "2630"]
[BlackElo "2565"]
[PlyCount "45"]
[EventDate "1991.??.??"]
[Source "ChessBase"]
[SourceDate "1991.06.01"]

1. e4 e6 2. d4 d5 3. Nc3 Nf6 4. Bg5 Be7 5. e5 Nfd7 6. h4 Bxg5 7. hxg5 Qxg5 8. Nh3 Qe7 9. Nf4 Nc6 10. Qg4 Nxd4 11. O-O-O Nf5 12. Nfxd5 exd5 13. Nxd5 Qxe5 14. Bb5 O-O 15. Bxd7 Nh6 16. Qg3 Qxg3 17. Ne7+ Kh8 18. fxg3 Bxd7 19. Rxd7 Ng4 20. Rxc7 b5 21. Rh4 Nf6 22. Nf5 a6 23. a4 1/2-1/2

[Event "otb"]
[Site "otb"]
[Date "2007.05.23"]
[Round "3"]
[White "Kovacevic Aleksandar"]
[Black "Stojanovic Mihajlo"]
[Result "1/2-1/2"]
[WhiteElo "2555"]
[BlackElo "2588"]
[PlyCount "50"]
[Source "www.chesslib.no"]
[SourceDate "2004.05.04"]

1. e4 e6 2. d4 d5 3. Nc3 Nf6 4. Bg5 Be7 5. e5 Nfd7 6. h4 Bxg5 7. hxg5 Qxg5 8. Qd3 g6 9. Nf3 Qe7 10. O-O-O a6 11. Qe3 c5 12. dxc5 Qxc5 13. Qf4 Nc6 14. Ng5 Ncxe5 15. Nxh7 Kd8 16. Be2 Qe7 17. Ng5 Rxh1 18. Rxh1 f6 19. Nf3 Kc7 20. Nd4 g5 21. Qg3 Nb6 22. Nf3 Qd6 23. Nxe5 Qxe5 24. Qxe5+ fxe5 25. Rh5 Bd7 1/2-1/2

[Event "Masters"]
[Site "Abu Dhabi"]
[Date "2004.08.16"]
[Round "3"]
[White "Dzhumaev, Marat"]
[Black "Ulibin, Mikhail"]
[Result "1-0"]
[WhiteElo "2520"]
[BlackElo "2588"]
[PlyCount "111"]
[EventDate "2004.08.14"]
[Source "Roberto Alvarez"]
[SourceDate "2004.08.30"]

1. e4 e6 2. d4 d5 3. Nc3 Nf6 4. Bg5 Be7 5. e5 Nfd7 6. h4 Bxg5 7. hxg5 Qxg5 8. Nh3 Qe7 9. Nf4 g6 10. Qg4 Nc6 11. O-O-O h5 12. Qf3 Nb6 13. g4 h4 14. Nh3 Bd7 15. Qe3 a6 16. f4 Na5 17. Qf2 Bb5 18. Ng5 Nac4 19. Nb1 O-O-O 20. b3 Na3 21. Nxa3 Qxa3+ 22. Kb1 Qe7 23. Bd3 h3 24. Bxb5 axb5 25. Rd3 f6 26. exf6 Qxf6 27. Rdxh3 Rxh3 28. Rxh3 Rf8 29. Qe1 Qxd4 30. Nxe6 Re8 31. Re3 Qf6 32. Nc5 Rxe3 33. Qxe3 Qf7 34. Qe6+ Qxe6 35. Nxe6 Nd7 36. Kc1 b4 37. Kd2 c5 38. Ke3 b5 39. g5 Kb7 40. f5 gxf5 41. Kf4 Kc6 42. g6 Nf6 43. Kxf5 Ng8 44. Ke5 d4 45. g7 Nh6 46. Nf4 c4 47. Ke4 Kd6 48. Ne2 d3 49. cxd3 c3 50. Nd4 Ng8 51. Nc2 Ke6 52. Nxb4 Kf7 53. Kd4 Kxg7 54. Kxc3 Nf6 55. Kd4 Nd7 56. Kd5 1-0

[Event "Moscow RUS"]
[Site "?"]
[Date "2004.02.18"]
[Round "2"]
[White "Kostenko Petr"]
[Black "Riazantsev Alexander"]
[Result "1-0"]
[WhiteElo "2500"]
[BlackElo "2596"]
[PlyCount "129"]
[EventDate "2004.??.??"]
[Source "www.chesslib.no"]
[SourceDate "2004.05.04"]

1. e4 e6 2. d4 d5 3. Nc3 Nf6 4. Bg5 Be7 5. e5 Nfd7 6. h4 c5 7. Bxe7 Kxe7 8. f4 Nc6 9. dxc5 Nxc5 10. Qg4 Kf8 11. O-O-O Qa5 12. Kb1 b5 13. Nh3 Rb8 14. Qf3 Ne7 15. Ne2 Ne4 16. Nd4 Nd2+ 17. Rxd2 Qxd2 18. Bd3 Qb4 19. Qf2 h5 20. a3 Qa4 21. f5 exf5 22. Bxf5 Nxf5 23. Nxf5 Bxf5 24. Qxf5 Qe4 25. Qf2 Qxe5 26. Ng5 Qf6 27. Qxa7 Re8 28. Qc5+ Kg8 29. Qxb5 Qe5 30. Rd1 Rh6 31. Rxd5 Qe1+ 32. Ka2 Rf6 33. Rd7 g6 34. Qc4 Qf1 35. Qxf1 Rxf1 36. b4 Re2 37. Rc7 Rxg2 38. b5 Rgg1 39. Kb3 Rb1+ 40. Ka4 Rg4+ 41. Ka5 Rxh4 42. b6 Rf4 43. Rc5 h4 44. a4 Rxa4+ 45. Kxa4 Rxb6 46. c4 f6 47. Rc8+ Kg7 48. c5 Rb1 49. Ne6+ Kf7 50. Nf4 f5 51. c6 g5 52. Nd3 Ke7 53. Rh8 Kd6 54. Rh6+ Kc7 55. Nb4 Rd1 56. Kb5 g4 57. Na6+ Kc8 58. Rh5 g3 59. Rh8+ Rd8 60. Rh7 Rd1 61. Ra7 Rb1+ 62. Kc5 Kd8 63. Rg7 Re1 64. Kd6 Rd1+ 65. Ke6 1-0

[Event "1st Serbian League Men"]
[Site "Zlatibor SRB"]
[Date "2007.08.28"]
[Round "7"]
[White "Iordachescu, V."]
[Black "Tadic, B."]
[Result "1-0"]
[WhiteElo "2584"]
[BlackElo "2500"]
[PlyCount "49"]
[EventDate "2007.08.21"]
[Source "www.chesslib.no"]
[SourceDate "2004.05.04"]

1. e4 e6 2. d4 d5 3. Nc3 Nf6 4. Bg5 Be7 5. e5 Nfd7 6. h4 O-O 7. Bd3 c5 8. Qh5 g6 9. Qh6 Nc6 10. f4 Re8 11. dxc5 Bf8 12. Qxf8+ Rxf8 13. Bxd8 Nxd8 14. O-O-O Nxc5 15. h5 a6 16. Nf3 b5 17. Rh4 Ra7 18. Rdh1 b4 19. Ne2 Nxd3+ 20. cxd3 Re8 21. Ng5 Ree7 22. Nxh7 Kxh7 23. hxg6+ Kg8 24. Rh8+ Kg7 25. Rxd8 1-0

[Event "TCh-ROM, Sovata ROM"]
[Site "?"]
[Date "2001.??.??"]
[Round "1"]
[White "Golubev, M."]
[Black "Volkov, S."]
[Result "0-1"]
[WhiteElo "2520"]
[BlackElo "2560"]
[PlyCount "35"]
[EventDate "2001.??.??"]
[Source "www.chesslib.no"]
[SourceDate "2004.05.04"]

1. e4 e6 2. d4 d5 3. Nc3 Nf6 4. Bg5 Be7 5. e5 Nfd7 6. h4 c5 7. Bxe7 Kxe7 8. dxc5 Nxe5 9. Qe2 Nbc6 10. O-O-O Kf8 11. f4 Nd7 12. f5 Nxc5 13. Nf3 h5 14. Ng5 d4 15. Qc4 Qe7 16. Be2 d3 17. Bf3 dxc2 18. Rde1 0-1

[Event "GER-GRE"]
[Site "Fuerth"]
[Date "2002.09.04"]
[Round "5"]
[White "Vouldis, Angelos"]
[Black "Luther, Thomas"]
[Result "1-0"]
[WhiteElo "2515"]
[BlackElo "2551"]
[PlyCount "65"]
[EventDate "2002.08.31"]
[Source "ChessBase"]
[SourceDate "2002.11.12"]

1. e4 e6 2. d4 d5 3. Nc3 Nf6 4. Bg5 Be7 5. e5 Nfd7 6. h4 Bxg5 7. hxg5 Qxg5 8. Nb5 Na6 9. Nh3 Qe7 10. Qg4 f5 11. Qg3 Nf8 12. O-O-O Bd7 13. Nf4 Bxb5 14. Bxb5+ c6 15. Bxa6 bxa6 16. Rd3 Rb8 17. Rb3 Rb6 18. Qc3 Kf7 19. Rxb6 axb6 20. Qxc6 h5 21. Kb1 h4 22. Qxb6 Qg5 23. Qc7+ Kg8 24. Nh3 Qg4 25. f4 Rh5 26. Qe7 Qxg2 27. Rg1 Qxg1+ 28. Nxg1 h3 29. Nxh3 Rxh3 30. a4 Rf3 31. b4 Rxf4 32. b5 axb5 33. axb5 1-0

[Event "Copenhagen BSF"]
[Site "Copenhagen"]
[Date "1995.??.??"]
[Round "9"]
[White "Hector, Jonny"]
[Black "Moskalenko, Viktor"]
[Result "0-1"]
[WhiteElo "2540"]
[BlackElo "2525"]
[PlyCount "124"]
[EventDate "1995.03.??"]
[Source "ChessBase"]

1. e4 e6 2. d4 d5 3. Nc3 Nf6 4. Bg5 Be7 5. e5 Nfd7 6. h4 O-O 7. Nh3 c5 8. Bd3 g6 9. f4 cxd4 10. Nb1 Nc6 11. Nd2 Nc5 12. Nf2 f6 13. exf6 Bxf6 14. Bh6 Bg7 15. Bxg7 Kxg7 16. h5 g5 17. h6+ Kh8 18. Qh5 gxf4 19. Nf3 e5 20. O-O-O Qf6 21. Bb5 Bf5 22. Rhe1 Ne4 23. Nd3 Ng3 24. Qh2 Bxd3 25. cxd3 e4 26. Nd2 Ne5 27. dxe4 a6 28. Ba4 Nd3+ 29. Kb1 Nxe1 30. Rxe1 dxe4 31. Nxe4 Qg6 32. Bc2 Rae8 33. Qg1 Nxe4 34. Qxd4+ Qf6 35. Rxe4 Qxd4 36. Rxd4 Re6 37. Rd7 Rxh6 38. a4 b6 39. Bd3 a5 40. Be4 Re8 41. Bf3 Rc8 42. Rd4 Rf6 43. b4 axb4 44. Kb2 Rc5 45. Kb3 h5 46. Kxb4 h4 47. Rd8+ Kg7 48. Rd7+ Kg8 49. Rd8+ Kg7 50. Rd7+ Rf7 51. Rd6 Rc1 52. Rxb6 Rb1+ 53. Ka5 Ra7+ 54. Ra6 Rxa6+ 55. Kxa6 Kf6 56. a5 Ke5 57. Ka7 Kd6 58. a6 Kc7 59. Bb7 Re1 60. Bf3 Re3 61. Bb7 h3 62. gxh3 f3 0-1

[Event "It (Open) Moscow RUS"]
[Site "?"]
[Date "2006.02.13"]
[Round "7"]
[White "Kostenko Petr"]
[Black "Novikov Stanislav"]
[Result "1/2-1/2"]
[WhiteElo "2516"]
[BlackElo "2545"]
[PlyCount "69"]
[EventDate "2006.??.??"]
[Source "www.chesslib.no"]
[SourceDate "2004.05.04"]

1. e4 e6 2. d4 d5 3. Nc3 Nf6 4. Bg5 Be7 5. e5 Nfd7 6. h4 O-O 7. Qh5 c5 8. Bd3 g6 9. Qh6 Nc6 10. Nb5 cxd4 11. f4 Ndxe5 12. fxe5 Nxe5 13. Bxe7 Qxe7 14. O-O-O Ng4 15. Qg5 Qxg5+ 16. hxg5 Nf2 17. Nf3 Bd7 18. Nbxd4 f6 19. gxf6 Nxh1 20. Rxh1 Rxf6 21. Kd2 a6 22. a3 Raf8 23. Kc3 Rf4 24. Re1 Rg4 25. Re2 Kg7 26. b4 h5 27. Nxe6+ Bxe6 28. Rxe6 Rxg2 29. Nh4 Rg3 30. Nxg6 Rf6 31. Re7+ Rf7 32. Re6 Rf6 33. Re7+ Rf7 34. Re6 Rf6 35. Re7+ 1/2-1/2

[Event "Politiken Cup"]
[Site "Helsingor DAN"]
[Date "2008.07.21"]
[Round "4"]
[White "Berg, E."]
[Black "Brynell, S."]
[Result "1/2-1/2"]
[WhiteElo "2592"]
[BlackElo "2468"]
[PlyCount "61"]
[EventDate "2008.07.19"]
[Source "www.chesslib.no"]
[SourceDate "2004.05.04"]

1. e4 e6 2. d4 d5 3. Nc3 Nf6 4. Bg5 Be7 5. e5 Nfd7 6. h4 c5 7. Bxe7 Kxe7 8. dxc5 Nxe5 9. Qe2 Nbc6 10. O-O-O Qa5 11. Kb1 d4 12. Ne4 f5 13. Nd2 Qxc5 14. Nb3 Qd5 15. f4 d3 16. Qd2 Rd8 17. Bxd3 Nxd3 18. cxd3 e5 19. Nf3 exf4 20. Qxf4 Qd6 21. Rhe1+ Kf8 22. Ne5 Nxe5 23. Rxe5 b6 24. g4 a5 25. gxf5 a4 26. Nc1 Ra5 27. Rde1 Rxe5 28. Rxe5 Ba6 29. Qe4 Bxd3+ 30. Qxd3 Qxd3+ 31. Nxd3 1/2-1/2

[Event "Moscow RUS"]
[Site "?"]
[Date "2006.05.05"]
[Round "2"]
[White "Amonatov Farrukh"]
[Black "Sambuev Bator"]
[Result "1/2-1/2"]
[WhiteElo "2569"]
[BlackElo "2489"]
[PlyCount "116"]
[EventDate "2006.??.??"]
[Source "www.chesslib.no"]
[SourceDate "2004.05.04"]

1. e4 e6 2. d4 d5 3. Nc3 Nf6 4. Bg5 Be7 5. e5 Nfd7 6. h4 a6 7. Qg4 h5 8. Qg3 g6 9. O-O-O b5 10. Nh3 Nb6 11. Bd3 Nc6 12. Qf4 Bb7 13. g4 hxg4 14. Bxe7 Qxe7 15. Ng5 Kd7 16. Qxf7 Raf8 17. Qxg6 Nxd4 18. Nce4 Kc8 19. Nf6 Nd7 20. Nxg4 Rf4 21. Nh3 Rf7 22. Qg5 Nf3 23. Qxe7 Rxe7 24. Ng5 Ndxe5 25. Nxe5 Nxe5 26. Rde1 Nxd3+ 27. cxd3 d4 28. Rh3 Kd7 29. h5 Rh6 30. Re5 Kd6 31. f4 c5 32. Rh4 Bd5 33. a3 Rc7 34. Ne4+ Bxe4 35. dxe4 c4 36. Rg5 Rch7 37. Kd2 Kc6 38. Kc2 Kb6 39. f5 exf5 40. exf5 d3+ 41. Kd2 Kc6 42. a4 Kd6 43. Kc3 Ke5 44. axb5 axb5 45. f6+ Kxf6 46. Rxb5 Rd7 47. Rh1 Rc7 48. Rb4 Rc5 49. Rxc4 Rhxh5 50. Rxh5 Rxh5 51. Rd4 Rc5+ 52. Kxd3 Ke5 53. Rc4 Rb5 54. b4 Kd6 55. Kc3 Rb6 56. Kb3 Rc6 57. Rh4 Kc7 58. Ka4 Kb8 1/2-1/2

[Event "BL2-Nord 0001"]
[Site "Germany"]
[Date "2001.01.28"]
[Round "5.1"]
[White "Zezulkin, Jurij"]
[Black "Levin, Felix"]
[Result "1/2-1/2"]
[WhiteElo "2529"]
[BlackElo "2528"]
[PlyCount "80"]
[EventDate "2000.10.15"]
[Source "ChessBase"]
[SourceDate "2001.07.03"]

1. e4 e6 2. d4 d5 3. Nc3 Nf6 4. Bg5 Be7 5. e5 Nfd7 6. h4 Bxg5 7. hxg5 Qxg5 8. Nh3 Qh6 9. Qf3 a6 10. g3 Nc6 11. Nf4 Nxd4 12. Qg2 Qg5 13. Rh5 Qd8 14. O-O-O c5 15. Qh1 Nf8 16. Bd3 g6 17. Rh6 Bd7 18. Ncxd5 exd5 19. c3 Be6 20. cxd4 c4 21. Bc2 Qa5 22. Kb1 O-O-O 23. Qh4 Rg8 24. Qg5 Kb8 25. Ne2 Rc8 26. Nc3 Qd8 27. Qe3 Qd7 28. Na4 Bf5 29. Nc5 Bxc2+ 30. Kxc2 Qf5+ 31. Kc1 Ka7 32. Rh4 g5 33. Rh6 Ne6 34. Rf6 Qg4 35. Rxf7 Rg7 36. Rxg7 Nxg7 37. e6 b6 38. Qe5 Ne8 39. Nd7 Qf3 40. Re1 Qxf2 1/2-1/2

[Event "Jugoslavija"]
[Site "?"]
[Date "1999.??.??"]
[Round "?"]
[White "Velimirovic, D."]
[Black "Antic, D."]
[Result "0-1"]
[WhiteElo "2560"]
[BlackElo "2490"]
[PlyCount "54"]
[EventDate "1999.??.??"]
[Source "Chess Informant"]
[SourceDate "1999.10.01"]

1. e4 e6 2. d4 d5 3. Nc3 Nf6 4. Bg5 Be7 5. e5 Nfd7 6. h4 Bxg5 7. hxg5 Qxg5 8. Nb5 Qd8 9. Qg4 g6 10. O-O-O a6 11. Nc3 c5 12. f4 Nc6 13. dxc5 Nxc5 14. Nf3 Bd7 15. Rh6 Qe7 16. Bd3 O-O-O 17. Qg5 Qf8 18. Qh4 Kb8 19. Kb1 Rc8 20. Rxh7 Rxh7 21. Qxh7 Nb4 22. Qh1 Na4 23. Nxa4 Bxa4 24. b3 Qc5 25. Rc1 Qa5 26. a3 Bxb3 27. Kb2 Nxc2 0-1

[Event "Sochi-A"]
[Site "Sochi"]
[Date "1989.??.??"]
[Round "?"]
[White "Khalifman, Alexander"]
[Black "Ulibin, Mikhail"]
[Result "1-0"]
[WhiteElo "2545"]
[BlackElo "2495"]
[PlyCount "47"]
[EventDate "1989.01.??"]
[Source "ChessBase"]

1. e4 e6 2. d4 d5 3. Nc3 Nf6 4. Bg5 Be7 5. e5 Nfd7 6. h4 O-O 7. Bd3 f5 8. Nh3 Na6 9. Bxa6 bxa6 10. Na4 Qe8 11. O-O c5 12. Nf4 Qf7 13. c4 dxc4 14. d5 Nxe5 15. d6 Bxg5 16. hxg5 Nd7 17. Nxe6 Qxe6 18. Re1 Qxe1+ 19. Qxe1 Bb7 20. Qe6+ Rf7 21. Re1 Be4 22. f3 Bd3 23. Qd5 Raf8 24. Re7 1-0

[Event "Rilton Cup 9899"]
[Site "Stockholm"]
[Date "1999.01.04"]
[Round "7"]
[White "Nataf, Igor Alexandre"]
[Black "Ulibin, Mikhail"]
[Result "0-1"]
[WhiteElo "2485"]
[BlackElo "2555"]
[PlyCount "78"]
[EventDate "1998.12.??"]
[Source "ChessBase"]
[SourceDate "1999.03.01"]

1. e4 e6 2. d4 d5 3. Nc3 Nf6 4. Bg5 Be7 5. e5 Nfd7 6. h4 c5 7. Bxe7 Kxe7 8. f4 Qb6 9. Na4 Qa5+ 10. c3 b6 11. Kf2 Ba6 12. Nf3 Bxf1 13. Rxf1 Nc6 14. Kg1 g6 15. b3 Rac8 16. a3 cxd4 17. cxd4 b5 18. Nc5 Nxc5 19. b4 Qa4 20. bxc5 Qxd1 21. Rfxd1 Rb8 22. Rdb1 Rb7 23. Kf2 Rhb8 24. Ra2 a5 25. Ke3 b4 26. Rab2 a4 27. axb4 a3 28. Rb3 Rxb4 29. Rxb4 Rxb4 30. Ra1 Rb3+ 31. Kd2 Nb4 32. Ne1 a2 33. Nc2 Rb1 34. Kc3 h5 35. g3 Kd8 36. Kd2 Kc7 37. Kc3 Kb8 38. Kd2 Nxc2 39. Rxa2 Nxd4 0-1

[Event "Cutro op"]
[Site "Cutro"]
[Date "2000.??.??"]
[Round "5"]
[White "Zelcic, Robert"]
[Black "Gleizerov, Evgeny"]
[Result "0-1"]
[WhiteElo "2529"]
[BlackElo "2508"]
[PlyCount "84"]
[EventDate "2000.??.??"]
[Source "www.chesslib.no"]
[SourceDate "2004.05.04"]

1. e4 e6 2. d4 d5 3. Nc3 Nf6 4. Bg5 Be7 5. e5 Nfd7 6. h4 c5 7. Bxe7 Kxe7 8. Qd2 Nc6 9. O-O-O cxd4 10. Nb5 Ndxe5 11. Nxd4 Nxd4 12. Qxd4 f6 13. f4 Nc6 14. Qf2 Bd7 15. Nf3 Rc8 16. Kb1 Qa5 17. a3 b5 18. Qc5+ Kf7 19. Qxb5 Qc7 20. f5 Nb4 21. Qxb4 Qxc2+ 22. Ka2 Qxd1 23. Qb7 Qa4 24. fxe6+ Kxe6 25. Bb5 Bxb5 26. Re1+ Kf5 27. Qxd5+ Kf4 28. Qd2+ Kf5 29. Qd5+ Kf4 30. Qd6+ Kg4 31. Qe6+ Kg3 32. Qh3+ Kf2 33. Qh1 Qc4+ 34. Ka1 Qf4 35. Rd1 Rhe8 36. Qg1+ Kg3 37. Qh2+ Kg4 38. Qh3+ Kh5 39. Rd5+ Kh6 40. Rxb5 Rc1+ 41. Ka2 Qc4+ 42. Rb3 Re3 0-1

[Event "JUG Ch"]
[Site "Kladovo"]
[Date "1991.??.??"]
[Round "6"]
[White "Ivanovic, Bozidar"]
[Black "Drasko, Milan"]
[Result "1/2-1/2"]
[WhiteElo "2535"]
[BlackElo "2500"]
[PlyCount "114"]
[EventDate "1991.02.??"]
[Source "www.chesslib.no"]
[SourceDate "2004.05.04"]

1. e4 e6 2. d4 d5 3. Nc3 Nf6 4. Bg5 Be7 5. e5 Nfd7 6. h4 Bxg5 7. hxg5 Qxg5 8. Nh3 Qe7 9. Nf4 g6 10. Bd3 Nf8 11. Qg4 Nc6 12. Bb5 Bd7 13. Bxc6 Bxc6 14. Rh6 f6 15. exf6 Qxf6 16. O-O-O O-O-O 17. Nd3 Rg8 18. Re1 Rg7 19. Re3 Rf7 20. b3 Qg7 21. Rh4 Rf5 22. Re5 Qf6 23. Qg3 Nd7 24. Rxf5 exf5 25. Nb4 Nf8 26. Kb2 g5 27. Rh5 Ne6 28. Qe3 h6 29. Nxc6 bxc6 30. Ne2 c5 31. c3 Qg6 32. Rh1 f4 33. Qd2 c4 34. bxc4 dxc4 35. Ka1 Rd6 36. Ng1 g4 37. f3 g3 38. Ne2 Qd3 39. Qxd3 cxd3 40. Nc1 c5 41. Nxd3 cxd4 42. c4 Ng7 43. Nxf4 Nf5 44. c5 Rc6 45. Nd3 Re6 46. Nf4 Re5 47. Rc1 Ne3 48. Kb2 h5 49. Rh1 Nxg2 50. Nxh5 Rg5 51. f4 Rxc5 52. Rc1 Rxc1 53. Kxc1 Kd7 54. f5 Kd6 55. Kd2 Nh4 56. Nxg3 Kc5 57. Kd3 Nxf5 1/2-1/2

[Event "Excelsior Cup"]
[Site "Gothenburg"]
[Date "1999.01.08"]
[Round "2"]
[White "Hector, Jonny"]
[Black "Brynell, Stellan"]
[Result "1-0"]
[WhiteElo "2542"]
[BlackElo "2489"]
[PlyCount "71"]
[EventDate "1999.01.07"]
[Source "ChessBase"]
[SourceDate "1999.04.01"]

1. e4 e6 2. d4 d5 3. Nc3 Nf6 4. Bg5 Be7 5. e5 Nfd7 6. h4 Bxg5 7. hxg5 Qxg5 8. Qd3 h5 9. Nf3 Qe7 10. g4 g6 11. gxh5 gxh5 12. Qe3 Nb6 13. O-O-O Bd7 14. Be2 Nc6 15. Qf4 O-O-O 16. Rdg1 Rdf8 17. Rg7 Be8 18. a3 Nd8 19. Rhg1 h4 20. Rh1 c5 21. dxc5 Qxc5 22. Nd4 Nc4 23. Rg4 Nc6 24. Nb3 Qb6 25. Bxc4 dxc4 26. Nd2 h3 27. Nxc4 Qc7 28. Rg3 h2 29. Nb5 Qe7 30. Rb3 Rh4 31. Nbd6+ Kb8 32. Rxb7+ Ka8 33. Rxe7 Rxf4 34. Rc7 Rh4 35. Rc8+ Nb8 36. Nxe8 1-0

[Event "Mariehamn/Oesteraker"]
[Site "?"]
[Date "1997.??.??"]
[Round "?"]
[White "Hector, J."]
[Black "Gleizerov, E."]
[Result "0-1"]
[WhiteElo "2470"]
[BlackElo "2560"]
[PlyCount "70"]
[EventDate "1997.??.??"]
[Source "ChessBase"]
[SourceDate "1997.06.01"]

1. e4 e6 2. d4 d5 3. Nc3 Nf6 4. Bg5 Be7 5. e5 Nfd7 6. h4 c5 7. Bxe7 Kxe7 8. dxc5 Nxe5 9. Qd2 Nbc6 10. O-O-O Re8 11. h5 h6 12. f4 Nd7 13. Bb5 Nxc5 14. Qe3 d4 15. Qe2 Bd7 16. Qc4 Qb6 17. Na4 Nxa4 18. Qxa4 Qc5 19. Nf3 Red8 20. Qc4 b6 21. Rhe1 Rac8 22. Qxc5+ bxc5 23. c3 Rb8 24. Bxc6 Bxc6 25. Ne5 Bxg2 26. cxd4 cxd4 27. Rg1 Be4 28. Rxg7 Rdc8+ 29. Kd2 Rxb2+ 30. Ke1 Rcc2 31. Rxd4 Bd5 32. Rxf7+ Ke8 33. Rg7 Rh2 34. Rg1 Rbe2+ 35. Kd1 Rxa2 0-1

[Event "Moscow RUS"]
[Site "?"]
[Date "2006.05.12"]
[Round "13"]
[White "Vorobiov Evgeny E"]
[Black "Sambuev Bator"]
[Result "1-0"]
[WhiteElo "2540"]
[BlackElo "2489"]
[PlyCount "91"]
[EventDate "2006.??.??"]
[Source "www.chesslib.no"]
[SourceDate "2004.05.04"]

1. e4 e6 2. d4 d5 3. Nc3 Nf6 4. Bg5 Be7 5. e5 Nfd7 6. h4 a6 7. Qg4 h5 8. Qg3 g6 9. Nf3 c5 10. dxc5 Nc6 11. Bxe7 Qxe7 12. Bd3 Nxc5 13. O-O Nxd3 14. cxd3 Qb4 15. Rab1 Bd7 16. Qg5 Nd4 17. Nxd4 Qxd4 18. Rfd1 Qg4 19. f3 Qxg5 20. hxg5 Ke7 21. Kf2 Rac8 22. Rd2 Rc5 23. Ne2 Rhc8 24. Nd4 Ba4 25. Ke2 Rc1 26. Rxc1 Rxc1 27. b3 Bd7 28. Rd1 Rxd1 29. Kxd1 a5 30. Kc2 Kd8 31. b4 Ba4+ 32. Kc3 b6 33. Nb3 Bxb3 34. Kxb3 Kc7 35. Ka4 axb4 36. Kxb4 Kc6 37. g3 Kc7 38. Kb5 Kb7 39. d4 Kc7 40. f4 Kb7 41. a3 Ka7 42. Kc6 Ka6 43. Kd6 Kb5 44. Ke7 Kc4 45. Kxf7 Kxd4 46. f5 1-0

[Event "Bank Pocztowy op-A"]
[Site "Bydgoszcz"]
[Date "2001.04.30"]
[Round "4"]
[White "Bartel, Mateusz"]
[Black "Ulibin, Mikhail"]
[Result "0-1"]
[WhiteElo "2434"]
[BlackElo "2580"]
[PlyCount "56"]
[EventDate "2001.04.27"]
[Source "ChessBase"]
[SourceDate "2001.07.03"]

1. e4 e6 2. d4 d5 3. Nc3 Nf6 4. Bg5 Be7 5. e5 Nfd7 6. h4 Bxg5 7. hxg5 Qxg5 8. Nh3 Qe7 9. Qg4 g6 10. Ng5 h6 11. Bd3 Nc6 12. O-O-O Nf8 13. Nf3 Bd7 14. Rh2 O-O-O 15. Rdh1 h5 16. Qf4 Rg8 17. Ng5 Be8 18. Bb5 Nxd4 19. Qxd4 Qxg5+ 20. f4 Qh6 21. Bxe8 Rxe8 22. g4 Nd7 23. gxh5 g5 24. Qxa7 gxf4 25. Na4 f3+ 26. Kb1 b6 27. Qa8+ Nb8 28. c4 Qe3 0-1

[Event "IBM"]
[Site "Amsterdam IBM"]
[Date "1976.??.??"]
[Round "5"]
[White "Sax, Gyula"]
[Black "Donner, Jan-Hein"]
[Result "1-0"]
[WhiteElo "2530"]
[BlackElo "2475"]
[PlyCount "28"]
[EventDate "1976.??.??"]
[Source "www.chesslib.no"]
[SourceDate "2004.05.04"]

1. e4 e6 2. d4 d5 3. Nc3 Nf6 4. Bg5 Be7 5. e5 Nfd7 6. h4 O-O 7. Bc4 Bxg5 8. g4 c5 9. Nh3 dxc4 10. Ng1 Nf6 11. h5 Nxh5 12. Qb1 Bf4 13. f3 Qf6 14. Nd5 Na6 1-0

[Event "CRO Team Ch"]
[Site "Tucepi"]
[Date "1996.??.??"]
[Round "?"]
[White "Sax, Gyula"]
[Black "Kovacevic, Vlatko"]
[Result "1/2-1/2"]
[WhiteElo "2560"]
[BlackElo "2445"]
[PlyCount "33"]
[EventDate "1996.??.??"]
[Source "www.chesslib.no"]
[SourceDate "2004.05.04"]

1. e4 e6 2. d4 d5 3. Nc3 Nf6 4. Bg5 Be7 5. e5 Nfd7 6. h4 Bxg5 7. hxg5 Qxg5 8. Nh3 Qe7 9. Nf4 Nc6 10. Qd2 g6 11. Ncxd5 exd5 12. Nxd5 Qd8 13. Qf4 g5 14. Qe4 Ne7 15. Nf6+ Nxf6 16. exf6 Bf5 17. Qxe7+ 1/2-1/2

[Event "Srbia-chT"]
[Site "YUG"]
[Date "2000.??.??"]
[Round "?"]
[White "Zezulkin, Jurij"]
[Black "Antic, Dejan"]
[Result "1-0"]
[WhiteElo "2510"]
[BlackElo "2491"]
[PlyCount "55"]
[EventDate "2000.??.??"]
[Source "www.chesslib.no"]
[SourceDate "2004.05.04"]

1. e4 e6 2. d4 d5 3. Nc3 Nf6 4. Bg5 Be7 5. e5 Nfd7 6. h4 Bxg5 7. hxg5 Qxg5 8. Nh3 Qe7 9. Nf4 Nc6 10. Qd2 g6 11. Bd3 Nb6 12. Nce2 Qg5 13. c3 Bd7 14. Qe3 Qe7 15. O-O-O O-O-O 16. Rh6 Na5 17. Rdh1 Nac4 18. Bxc4 Nxc4 19. Qg3 c5 20. b3 Nb6 21. Kb2 cxd4 22. Nxd4 Be8 23. Rxh7 Rxh7 24. Rxh7 Qc5 25. Qg5 Nd7 26. Rh8 f6 27. exf6 e5 28. f7 1-0

[Event "JUG-chT"]
[Site "Herceg Novi"]
[Date "2001.05.??"]
[Round "4"]
[White "Pavlovic, Milos"]
[Black "Kosic, Dragan"]
[Result "1/2-1/2"]
[WhiteElo "2496"]
[BlackElo "2504"]
[PlyCount "32"]
[EventDate "2001.05.??"]
[Source "ChessBase"]
[SourceDate "2001.07.03"]

1. e4 e6 2. d4 d5 3. Nc3 Nf6 4. Bg5 Be7 5. e5 Nfd7 6. h4 Bxg5 7. hxg5 Qxg5 8. Nh3 Qe7 9. Nf4 Nc6 10. Qd2 g6 11. Bb5 a6 12. Bxc6 bxc6 13. O-O-O Bb7 14. Nd3 c5 15. Nxc5 Nxc5 16. dxc5 Qxc5 1/2-1/2

[Event "ISL-FRA"]
[Site "Reykjavik"]
[Date "1993.??.??"]
[Round "7"]
[White "Arnason, Jon L"]
[Black "Bricard, Emmanuel"]
[Result "1/2-1/2"]
[WhiteElo "2535"]
[BlackElo "2460"]
[PlyCount "83"]
[EventDate "1993.??.??"]
[Source "ChessBase"]

1. e4 e6 2. d4 d5 3. Nc3 Nf6 4. Bg5 Be7 5. e5 Nfd7 6. h4 f6 7. Qh5+ Kf8 8. exf6 Nxf6 9. Qf3 c5 10. dxc5 b6 11. h5 h6 12. Bh4 Nc6 13. Nh3 bxc5 14. Nf4 Ne5 15. Qe2 Bd6 16. Bg3 Kf7 17. O-O-O Re8 18. Nd3 Nxd3+ 19. Qxd3 Rb8 20. Rh4 Kg8 21. Qg6 Bxg3 22. Qxg3 Bd7 23. Bd3 a5 24. Bg6 Rf8 25. Qd6 c4 26. Rf4 Rb6 27. Qe5 Qb8 28. Qxb8 Rfxb8 29. b3 cxb3 30. axb3 Kf8 31. Re1 Ke7 32. Rd4 Kd6 33. f3 Rb4 34. Rxb4 axb4 35. Ne2 e5 36. Kd2 Ra8 37. Nc1 Bb5 38. g3 Nd7 39. Bd3 Bc6 40. Bf5 Rf8 41. g4 Nc5 42. Ne2 1/2-1/2

[Event "JUG-ch 56th"]
[Site "Herceg Novi"]
[Date "2001.04.05"]
[Round "12"]
[White "Pikula, Dejan"]
[Black "Antic, Dejan"]
[Result "0-1"]
[WhiteElo "2513"]
[BlackElo "2481"]
[PlyCount "82"]
[EventDate "2001.03.23"]
[Source "ChessBase"]
[SourceDate "2001.07.05"]

1. e4 e6 2. d4 d5 3. Nc3 Nf6 4. Bg5 Be7 5. e5 Nfd7 6. h4 Bxg5 7. hxg5 Qxg5 8. Nh3 Qe7 9. Nf4 Nc6 10. Qd2 b6 11. Nb5 Nf8 12. Nh5 Rg8 13. Rh3 a6 14. Na3 Bb7 15. c3 O-O-O 16. b4 Nd7 17. Bd3 g6 18. Ng3 f6 19. f4 h5 20. O-O-O Kb8 21. Nc2 Rc8 22. exf6 Nxf6 23. Re1 Qf7 24. Qe2 Ng4 25. Rf1 Ka7 26. Na1 Ne7 27. Nb3 Nf5 28. Nh1 Nf6 29. Kb2 Nd6 30. a4 Nfe4 31. Nf2 Rgf8 32. Nd1 h4 33. Rff3 Nc4+ 34. Kc2 Qd7 35. Nb2 Na3+ 36. Kc1 Nxc3 37. Qe1 Nxa4 38. Rxh4 Qc6+ 39. Nc5 bxc5 40. dxc5 Nxb2 41. Kxb2 Nc4+ 0-1